[Event "Open Semana Santa 2023"]
[Site "?"]
[Date "2023.04.10"]
[Round "9.27"]
[White "IM Cruz, Filemon"]
[Black "IM Poormosavi, Seyed Kian"]
[Result "1-0"]
[WhiteElo "2284"]
[BlackElo "2418"]
[Annotator "Usuario"]
[PlyCount "86"]
[EventDate "2023.??.??"]

1. c4 Nf6 2. Nc3 Nc6 3. e3 e5 4. a3 g6 5. d3 Bg7 6. Nf3 O-O 7. Be2 d6 8. Qc2 a5
9. O-O Re8 10. Re1 Bf5 11. Nd2 Qd7 12. Nde4 Ne7 13. Nxf6+ Bxf6 14. e4 Be6 15.
Nd5 Bxd5 16. cxd5 c6 17. Qa4 Reb8 18. Be3 Qd8 19. Qb3 cxd5 20. Bb6 Qd7 21. a4
d4 22. Rec1 Rc8 23. Qb5 Rc6 24. Rc4 d5 25. exd5 Rd6 26. Bc5 Rxd5 27. Bf3 Qxb5
28. axb5 Rd7 29. Bb4 a4 30. b3 a3 31. Rxa3 Rxa3 32. Bxa3 Kg7 33. g3 h5 34. Rc5
b6 35. Rc2 Nd5 36. Rc6 Nc3 37. Rxb6 e4 38. dxe4 d3 39. Ra6 Ne2+ 40. Kf1 Kh6 41.
b6 Nd4 42. b7 Rd8 43. Bb2 Be5 {Imposible seguirla} 1-0

[Event "Open Semana Santa 2023"]
[Site "?"]
[Date "2023.04.10"]
[Round "9.28"]
[White "CM Ilinca Ilinca, Felix Antonio"]
[Black "FM Trigo Urquijo, Sergio"]
[Result "1/2-1/2"]
[WhiteElo "2266"]
[BlackElo "2408"]
[Annotator "Usuario"]
[PlyCount "55"]

1. d4 Nf6 2. c4 e6 3. Nc3 Bb4 4. e3 c5 5. a3 Bxc3+ 6. bxc3 d6 7. Bd3 Nc6 8. Ne2
e5 9. O-O O-O 10. Ng3 Re8 11. d5 e4 12. Nxe4 Nxe4 13. Qc2 Ne5 14. Bxe4 Qh4 15.
f4 Ng4 16. h3 f5 17. Bd3 Nf6 18. Bd2 Ne4 19. Be1 Qe7 20. a4 a5 21. Rb1 Rb8 22.
Qd1 Bd7 23. Bc2 Qf6 24. Qd3 b6 25. Bd1 Qe7 26. Bc2 Qf6 27. Bd1 Qe7 28. Bc2 $11
1/2-1/2

[Event "Open Semana Santa 2023"]
[Site "?"]
[Date "2023.04.10"]
[Round "9.29"]
[White "FM Czopor, Maciej"]
[Black "Liu, Zhaoqi"]
[Result "1/2-1/2"]
[WhiteElo "2403"]
[BlackElo "2301"]
[PlyCount "109"]

1. e4 e6 2. d4 d5 3. Nd2 Be7 4. Ngf3 Nf6 5. e5 Nfd7 6. Bd3 c5 7. c3 Nc6 8. O-O
a5 9. a4 b6 10. Qe2 cxd4 11. cxd4 Nb4 12. Bb5 Ba6 13. Bxa6 Nxa6 14. Nb1 O-O 15.
Nc3 Nb4 16. Nb5 Rc8 17. Bd2 Nb8 18. Ra3 Rc2 19. Qd1 Rc4 20. Ne1 f6 21. exf6
Bxf6 22. Rh3 Qd7 23. b3 Rcc8 24. Bxb4 axb4 25. Nd3 Nc6 26. Qh5 g6 27. Qg4 Bg7
28. Re3 Rf5 29. Rfe1 Re8 30. g3 Bh6 31. R3e2 Bg7 32. h4 Re7 33. Rc1 Bh6 34.
Rce1 Bg7 35. Kg2 Bf6 36. Rc1 e5 37. dxe5 Nxe5 38. Nxe5 Rexe5 39. Kg1 Rxe2 40.
Qxe2 Re5 41. Qd2 Re4 42. Rd1 Bxh4 43. Qd3 Qf5 44. Qxd5+ Qxd5 45. Rxd5 Re1+ 46.
Kg2 Be7 47. Nd6 Rb1 48. Nc8 Bf6 49. Nxb6 Rxb3 50. a5 Ra3 51. Rb5 b3 52. Nc4 Ra4
53. Nb6 Ra3 54. Nc4 Ra4 55. Nb6 1/2-1/2

[Event "Open Semana Santa 2023"]
[Site "?"]
[Date "2023.04.10"]
[Round "9.30"]
[White "FM Villuendas Valero, Adrian"]
[Black "IM Tejedor Fuente, Enrique"]
[Result "1-0"]
[WhiteElo "2262"]
[BlackElo "2390"]
[PlyCount "113"]

1. d4 d5 2. Bg5 f6 3. Bd2 Nc6 4. e3 e5 5. Bb5 exd4 6. exd4 Be6 7. Ne2 Qd7 8.
Nbc3 O-O-O 9. Nf4 Bf7 10. Nce2 a6 11. Ba4 h5 12. Nd3 h4 13. h3 g5 14. b4 Re8
15. c3 Qf5 16. Be3 Na7 17. Bxe8 Bxe8 18. a4 b6 19. f3 Bd6 20. Nf2 Qe6 21. Qd3
Kb7 22. O-O Ne7 23. Rfe1 Bg6 24. Qd2 Nf5 25. Nc1 Qf7 26. Ncd3 Bg3 27. Qa2 Ra8
28. b5 a5 29. Bc1 Nc8 30. Ba3 Ncd6 31. Re2 Rd8 32. Rae1 Rd7 33. Bc1 Nc4 34. f4
Nfd6 35. Rf1 Ne4 36. Nxe4 Bxe4 37. Nf2 Bf5 38. fxg5 fxg5 39. Ng4 Qg6 40. Ne5
Nxe5 41. dxe5 g4 42. hxg4 Bxg4 43. e6 Bxe6 44. Bf4 Bg4 45. Re5 Qd6 46. Qd2 Bxf4
47. Qxf4 Rg7 48. Qd4 Be6 49. Rf6 h3 50. Rfxe6 Rxg2+ 51. Kh1 Qf8 52. Qxd5+ Ka7
53. Re1 Qf2 54. Qe5 Kb7 55. Re8 Rh2+ 56. Qxh2 Qxe1+ 57. Rxe1 1-0

[Event "Open Semana Santa 2023"]
[Site "?"]
[Date "2023.04.10"]
[Round "9.31"]
[White "IM Martin Duque, Duque,Jesus"]
[Black "IM Garcia Martin, Marta"]
[Result "1/2-1/2"]
[WhiteElo "2386"]
[BlackElo "2291"]
[PlyCount "107"]

1. c4 e6 2. g3 d5 3. Bg2 dxc4 4. Qa4+ Nd7 5. Qxc4 Ngf6 6. Nf3 a6 7. Qc2 c5 8.
O-O Ra7 9. d4 b6 10. Nc3 Be7 11. Rd1 Bb7 12. e4 cxd4 13. Nxd4 Qa8 14. f4 Bc5
15. e5 Nd5 16. Nxd5 Bxd5 17. Bxd5 Qxd5 18. Be3 Rc7 19. Qf2 Qe4 20. Rac1 O-O 21.
b4 Bxd4 22. Rxd4 Rxc1+ 23. Bxc1 Qc6 24. Qd2 Rc8 25. Rxd7 Qxc1+ 26. Qxc1 Rxc1+
27. Kf2 g5 28. Ke3 Re1+ 29. Kf3 gxf4 30. gxf4 Ra1 31. Rd2 Rb1 32. Rd8+ Kg7 33.
Ra8 Rxb4 34. Rxa6 Kg6 35. a3 Rb2 36. Ke4 Re2+ 37. Kd4 Rxh2 38. Rxb6 h5 39. Ke4
Re2+ 40. Kf3 Rc2 41. Ra6 Rc3+ 42. Kg2 h4 43. Ra7 h3+ 44. Kh2 Rf3 45. a4 Rxf4
46. Kxh3 Re4 47. Ra5 Kf5 48. Ra7 Kxe5 49. Rxf7 Rxa4 50. Kg3 Ra3+ 51. Kf2 Ke4
52. Rb7 Ra2+ 53. Ke1 e5 54. Rb3 1/2-1/2

[Event "Open Semana Santa 2023"]
[Site "?"]
[Date "2023.04.10"]
[Round "9.32"]
[White "IM Ajay Krishna, S."]
[Black "FM Castellanos Gomez, Alejandro"]
[Result "1-0"]
[WhiteElo "2382"]
[BlackElo "2277"]
[PlyCount "65"]

1. d4 e6 2. Nf3 Nf6 3. Bf4 d5 4. e3 Bd6 5. c3 O-O 6. Nbd2 c5 7. Bd3 b6 8. Bxd6
Qxd6 9. e4 Qc6 10. Qc2 Ba6 11. e5 Bxd3 12. Qxd3 Ne4 13. O-O Nd7 14. Rae1 Nxd2
15. Qxd2 cxd4 16. Nxd4 Qc4 17. f4 Rae8 18. Re3 Nc5 19. b3 Qa6 20. f5 Ne4 21.
Rxe4 dxe4 22. f6 h6 23. fxg7 Kxg7 24. Rf6 Rh8 25. Qf2 Qb7 26. h4 a6 27. Rf4
Rhg8 28. Ne2 Kf8 29. Ng3 Re7 30. Nxe4 Qd5 31. Nf6 Qd1+ 32. Kh2 Rg6 33. Rd4 1-0

[Event "Open Semana Santa 2023"]
[Site "?"]
[Date "2023.04.10"]
[Round "9.34"]
[White "FM Lozano Ramirez, Nestor Favian"]
[Black "GM Plaskett, H James"]
[Result "1/2-1/2"]
[WhiteElo "2235"]
[BlackElo "2371"]
[Annotator "Usuario"]
[PlyCount "21"]

1. g3 g6 2. c4 Bg7 3. Bg2 d6 4. Nc3 e5 5. e4 Nc6 6. Nge2 Nge7 7. d3 O-O 8. O-O
Be6 9. Nd5 Qd7 10. Bg5 f6 11. Be3 $11 1/2-1/2

[Event "Open Semana Santa 2023"]
[Site "?"]
[Date "2023.04.10"]
[Round "9.35"]
[White "Revaliente Montoya, Ciro"]
[Black "FM Carnicelli, Valerio"]
[Result "1-0"]
[WhiteElo "2203"]
[BlackElo "2370"]
[PlyCount "129"]

1. e4 c5 2. Nf3 Nc6 3. d4 cxd4 4. Nxd4 e6 5. Nc3 Qc7 6. Be3 a6 7. Qf3 Nf6 8.
O-O-O Be7 9. Be2 b5 10. e5 Bb7 11. Nxc6 Bxc6 12. Qg3 Nd5 13. Qxg7 Rf8 14. Nxd5
Bxd5 15. Kb1 Rc8 16. Bd3 a5 17. Bxh7 a4 18. Bd3 a3 19. b3 Qc3 20. Bc1 Bc5 21.
Bh7 Bd4 22. Rxd4 Qxd4 23. Bxa3 b4 24. Bc1 d6 25. Bh6 Kd7 26. Qf6 Rfe8 27. Bg5
Qxe5 28. Qxf7+ Kc6 29. Bf4 Qh8 30. Qh5 Rf8 31. Be3 Ra8 32. Bg6 Qf6 33. Qh7 Rg8
34. Bh5 Rxg2 35. Qd3 Qf5 36. Qxf5 exf5 37. Rd1 Rxh2 38. Rxd5 Rxh5 39. Rd4 Rb8
40. Bd2 Rh1+ 41. Kb2 Rd1 42. Rc4+ Kd5 43. Bxb4 Rf1 44. Rf4 Ke5 45. Bd2 Rg8 46.
a4 d5 47. Be3 Rd1 48. c3 Rgg1 49. Rh4 Rge1 50. Bd4+ Kd6 51. Rh6+ Ke7 52. a5
Re2+ 53. Ka3 Ra1+ 54. Kb4 Rea2 55. Ra6 Rb1 56. Rb6 Rba1 57. Rb5 Ke6 58. c4 Rd1
59. Rxd5 Rad2 60. Re5+ Kd6 61. c5+ Kc6 62. Be3 Rd5 63. Re6+ Kd7 64. Rh6 f4 65.
c6+ 1-0

[Event "Open Semana Santa 2023"]
[Site "?"]
[Date "2023.10.18"]
[Round "9.36"]
[White "IM Vassallo Barroche, Mauricio"]
[Black "CM Molina Carretero, Daniel"]
[Result "1-0"]
[WhiteElo "2361"]
[BlackElo "2209"]
[Annotator "Usuario"]
[PlyCount "145"]

1. c4 Nf6 2. Nf3 e6 3. d4 d5 4. Nc3 Be7 5. Bg5 O-O 6. e3 b6 7. Rc1 Bb7 8. cxd5
exd5 9. Bd3 Nbd7 10. O-O a6 11. Bf5 Re8 12. Bf4 Bd6 13. Bxd6 cxd6 14. Qb3 Re7
15. h3 g6 16. Bxd7 Rxd7 17. Ne2 Kg7 18. Nf4 Rc7 19. Ng5 Rxc1 20. Nfe6+ fxe6 21.
Nxe6+ Kg8 22. Nxd8 Rxf1+ 23. Kxf1 Rxd8 24. Qxb6 Rd7 25. f3 Kf7 $11 26. g4 Ke7
27. Kf2 Kf7 28. Kg3 Re7 29. a4 Bc8 30. Qxd6 h6 31. Qb8 Bd7 32. Qb3 Kg7 33. Kf2
Bc6 34. Qa3 Kf7 35. b3 h5 36. Qd6 Bb7 37. Qb6 Bc8 38. Qb8 Bb7 39. Ke2 hxg4 40.
hxg4 Bc6 41. Kd2 Bb7 42. Qf4 Kg7 43. Qd6 Kf7 44. b4 Rd7 45. Qb6 Ne8 46. Qa7 Nd6
47. Qb8 Nc4+ 48. Kd3 Re7 49. e4 dxe4+ 50. fxe4 Nb2+ 51. Kc2 Nxa4 52. Qf4+ Ke8
53. d5 Nb6 54. Qd6 Nc4 55. Qxg6+ Kd7 56. Qf5+ Kd8 57. Qf4 Bxd5 58. exd5 Ne3+
59. Kb3 Nxd5 60. Qd6+ Rd7 61. Qxa6 Ke7 62. g5 Rc7 63. Qe2+ Kd6 64. Qh2+ Ke6 65.
Qh3+ Ke5 66. Qg3+ Kf5 67. g6 Rg7 68. Qd3+ Ke5 69. b5 Rb7 70. Qg3+ Ke6 71. g7
Rxb5+ 72. Kc4 Rb4+ 73. Kc5 1-0

[Event "Open Semana Santa 2023"]
[Site "?"]
[Date "2023.04.10"]
[Round "9.37"]
[White "Ontanon Gomez, Gomez,Pablo"]
[Black "IM Chueca Forcen, Alberto"]
[Result "1/2-1/2"]
[WhiteElo "2136"]
[BlackElo "2359"]
[Annotator "Usuario"]
[PlyCount "73"]

1. e4 e5 2. Nf3 Nc6 3. Bb5 Nf6 4. Nc3 Bc5 5. O-O d6 6. d4 exd4 7. Nxd4 Bd7 8.
Nf5 O-O 9. Bg5 Ne5 10. Nd5 Bxf5 11. exf5 c6 12. Bxf6 gxf6 13. b4 cxd5 14. bxc5
dxc5 15. f4 Nc6 16. Bxc6 bxc6 17. Qh5 Kh8 $11 18. Rf3 Rg8 19. Qxf7 Qd6 20. Re1
Rg7 21. Qe6 Rd8 22. Qxd6 Rxd6 23. Rb3 d4 24. Re8+ Rg8 25. Re7 c4 26. Rbb7 Rgd8
27. Rxh7+ Kg8 28. Rbg7+ Kf8 29. Rxa7 Kg8 30. Rag7+ Kf8 31. Rg3 d3 32. cxd3 cxd3
33. Rhg7 R6d7 34. Rg8+ Ke7 35. R8g7+ Kf8 36. Rg8+ Ke7 37. R8g7+ 1/2-1/2

[Event "Open Semana Santa 2023"]
[Site "?"]
[Date "2023.10.18"]
[Round "9.38"]
[White "Centeno Mendoza, Julio Stefano"]
[Black "GM Campora, Daniel H."]
[Result "0-1"]
[WhiteElo "2088"]
[BlackElo "2348"]
[PlyCount "110"]

1. e4 d6 2. d4 g6 3. Nc3 Bg7 4. f4 c5 5. d5 Nf6 6. Nf3 O-O 7. Bd3 e6 8. O-O
exd5 9. Nxd5 Nxd5 10. exd5 Bg4 11. f5 c4 12. Bxc4 Bxf5 13. c3 Bg4 14. h3 Bxf3
15. Qxf3 Nd7 16. Bf4 Ne5 17. Qe2 Qc7 18. Bb3 Rae8 19. Qd2 a6 20. Kh1 Re7 21.
Rae1 f5 22. Re2 Kh8 23. Rfe1 Rfe8 24. Bg5 Rf7 25. Bf4 Qd8 26. c4 b6 27. Ba4
Ree7 28. Bg5 Bf6 29. Bxf6+ Rxf6 30. Qc3 f4 31. Rf2 b5 32. cxb5 axb5 33. Bd1 Qb6
34. Rc2 Kg7 35. Bf3 Rff7 36. b3 b4 37. Qb2 Kh6 38. Rf1 Qb5 39. Qc1 g5 40. Qd1
Rf8 41. Be2 Qb6 42. Bg4 Qe3 43. Qd2 Nxg4 44. hxg4 Qxd2 45. Rxd2 Re4 46. Kg1 Kg6
47. Kf2 h5 48. gxh5+ Kxh5 49. Rc1 g4 50. Rc7 g3+ 51. Kf1 Rfe8 52. Rc1 Kg4 53.
Rd3 Re2 54. Rf3 Rxa2 55. Kg1 Rxg2+ 0-1

[Event "Open Semana Santa 2023"]
[Site "?"]
[Date "2023.04.10"]
[Round "9.39"]
[White "Molina Souponitskaia, Alexander"]
[Black "WIM Kamalidenova, Meruert"]
[Result "0-1"]
[WhiteElo "1959"]
[BlackElo "2342"]
[PlyCount "68"]
[EventDate "2023.??.??"]

1. e4 c5 2. Nf3 d6 3. d4 cxd4 4. Qxd4 Nc6 5. Bb5 a6 6. Bxc6+ bxc6 7. c4 e5 8.
Qd3 Ne7 9. Nc3 Ng6 10. h3 Be7 11. b3 O-O 12. g4 Be6 13. Be3 Qa5 14. Bd2 Qc7 15.
Ng5 Nf4 16. Bxf4 exf4 17. Nxe6 fxe6 18. O-O-O Qa5 19. Na4 Rab8 20. Qd2 Qc7 21.
f3 d5 22. Qc2 Qe5 23. exd5 exd5 24. Rhe1 Qa1+ 25. Qb1 Ba3+ 26. Kc2 Qf6 27. c5
Rb5 28. Qa1 Qg6+ 29. Rd3 Bxc5 30. Qe5 Be3 31. h4 d4 32. Qc7 Qf6 33. h5 Qh4 34.
Qxc6 Qxe1 0-1

[Event "Open Semana Santa 2023"]
[Site "?"]
[Date "2023.04.10"]
[Round "9.40"]
[White "IM Minzer, Claudio Javier"]
[Black "FM Bettalli, Francesco"]
[Result "1/2-1/2"]
[WhiteElo "2417"]
[BlackElo "2200"]
[PlyCount "94"]

1. c4 c5 2. Nf3 g6 3. d4 cxd4 4. Nxd4 Nc6 5. e4 Nf6 6. Nc3 d6 7. f3 Nxd4 8.
Qxd4 Bg7 9. Be3 O-O 10. Qd2 a5 11. Na4 Nd7 12. Be2 Qc7 13. O-O Nc5 14. Nc3 Be6
15. Rab1 Qb6 16. Nb5 Bd7 17. b3 Rfc8 18. Rfc1 f5 19. a3 Qd8 20. b4 axb4 21.
axb4 Na6 22. exf5 Bxf5 23. Bd3 Qd7 24. Nd4 Bxd3 25. Qxd3 Nc7 26. Ne2 Ra2 27.
Nc3 Ra3 28. Bd2 Qf5 29. Qxf5 gxf5 30. Kf1 Kf7 31. Ke2 Ne6 32. Nb5 Nd4+ 33. Nxd4
Bxd4 34. f4 e5 35. fxe5 dxe5 36. Rc2 Rg8 37. g3 f4 38. Rf1 Ke7 39. b5 Kd7 40.
Rf3 Rxf3 41. Kxf3 fxg3 42. hxg3 Rf8+ 43. Ke4 Rf2 44. c5 Re2+ 45. Kf3 Rf2+ 46.
Ke4 Re2+ 47. Kf3 Rf2+ 1/2-1/2

[Event "Open Semana Santa 2023"]
[Site "?"]
[Date "2023.04.10"]
[Round "9.41"]
[White "IM Camacho Collados, Collados,Jose"]
[Black "Kocharin, Timur"]
[Result "1/2-1/2"]
[WhiteElo "2400"]
[BlackElo "2203"]
[PlyCount "158"]

1. e4 c5 2. Nf3 d6 3. d4 cxd4 4. Qxd4 Nc6 5. Qe3 Nf6 6. Be2 g6 7. O-O Bg7 8. h3
O-O 9. Rd1 Nd7 10. Nc3 b6 11. b3 Nc5 12. Bb2 Bb7 13. Rab1 Rc8 14. a3 Rc7 15.
Nd5 Rd7 16. Bxg7 Kxg7 17. Bb5 e5 18. Nb4 Qc7 19. Bxc6 Bxc6 20. Nxc6 Qxc6 21.
Rd5 f5 22. Rbd1 fxe4 23. Ng5 h6 24. Nxe4 Nxe4 25. Qxe4 Rf4 26. Qd3 Rf6 27. Rxe5
Rxf2 28. Rg5 hxg5 29. Kxf2 Rf7+ 30. Kg3 d5 31. Kh2 Qd6+ 32. Kg1 Qxa3 33. Qd4+
Kh7 34. Qxd5 Qe7 35. c4 Qe3+ 36. Kh1 Kg7 37. Qd4+ Qxd4 38. Rxd4 Rf1+ 39. Kh2
Rb1 40. Rd3 Rb2 41. Kg3 Kf6 42. Kf3 Ke5 43. g3 Kf5 44. Rd5+ Kf6 45. Rd6+ Kf5
46. Rd3 Rb1 47. Rd5+ Kf6 48. Rd6+ Kf5 49. Rd3 Rb2 50. Ke3 Rh2 51. Kd4 Rxh3 52.
b4 Rh8 53. Rf3+ Ke6 54. c5 bxc5+ 55. bxc5 Rh1 56. Ra3 Rc1 57. Rxa7 Rd1+ 58. Kc4
Rc1+ 59. Kb5 Rb1+ 60. Kc6 Rb3 61. g4 Rb4 62. Ra6 Rxg4 63. Kb7+ Kf5 64. c6 Rc4
65. c7 Rxc7+ 66. Kxc7 Ke4 67. Rxg6 Kf4 68. Kd6 g4 69. Kd5 g3 70. Kd4 Kf3 71.
Rf6+ Ke2 72. Re6+ Kf2 73. Rf6+ Kg2 74. Rg6 Kf2 75. Kd3 g2 76. Rf6+ Ke1 77. Re6+
Kf2 78. Re2+ Kf1 79. Kd2 g1=Q 1/2-1/2

[Event "Open Semana Santa 2023"]
[Site "?"]
[Date "2023.04.10"]
[Round "9.44"]
[White "FM Yurkovskiy, Ivan"]
[Black "WGM Alinasab, Mobina"]
[Result "0-1"]
[WhiteElo "2216"]
[BlackElo "2334"]
[PlyCount "74"]

1. c4 Nf6 2. Nc3 c5 3. g3 e6 4. Bg2 a6 5. e3 Qc7 6. Nge2 d6 7. b3 Nbd7 8. Bb2
Rb8 9. a4 b6 10. O-O Bb7 11. e4 Be7 12. f4 O-O 13. h3 Rfe8 14. g4 Nf8 15. g5
N6d7 16. Ng3 Rbc8 17. Nh5 g6 18. Ng7 Red8 19. Qg4 e5 20. Nf5 gxf5 21. exf5 Kh8
22. Nd5 Bxd5 23. Bxd5 Nf6 24. gxf6 Bxf6 25. Qh5 Nd7 26. Bxf7 exf4 27. Bg6 Ne5
28. Bf7 Rd7 29. Be6 Rg7+ 30. Kh1 Qb7+ 31. Bd5 Qe7 32. Rxf4 Nd3 33. Bxf6 Qxf6
34. Re1 Nxe1 35. Re4 Rg5 36. Re8+ Kg7 37. Qe2 Rxe8 0-1

[Event "Open Semana Santa 2023"]
[Site "?"]
[Date "2023.04.10"]
[Round "9.46"]
[White "Bermejo Martinez, Jorge"]
[Black "FM Fiedorek, Michal"]
[Result "0-1"]
[WhiteElo "2215"]
[BlackElo "2328"]
[Annotator "Usuario"]
[PlyCount "80"]

1. Nf3 Nf6 2. c4 e6 3. g3 d5 4. Bg2 Be7 5. d4 O-O 6. Qc2 c6 7. O-O dxc4 8. Qxc4
b5 9. Qc2 Bb7 10. Rd1 Nbd7 11. Bg5 Qb6 12. Nc3 c5 13. Ne5 Rfe8 14. Nxd7 Nxd7
15. Bxe7 Rxe7 16. Bxb7 Qxb7 17. dxc5 Nxc5 18. b4 Nd7 19. Qe4 $11 Nf6 20. Qd3 a6
21. Rac1 h6 22. e4 Rd7 23. Qe2 Rxd1+ 24. Rxd1 Rc8 25. e5 $11 Rxc3 26. exf6 gxf6
27. Rd8+ Kh7 28. Qd2 Qc6 29. Qe2 Rc1+ 30. Rd1 Qc4 31. Qxc4 Rxd1+ 32. Qf1 Rxf1+
33. Kxf1 f5 34. Ke2 e5 35. h3 Kg6 36. Ke3 Kf6 37. f4 e4 38. g4 Kg6 39. Kd4 fxg4
40. hxg4 f5 0-1

[Event "Open Semana Santa 2023"]
[Site "?"]
[Date "2023.04.10"]
[Round "9.47"]
[White "Mompel Ferruz, Xavier"]
[Black "FM Diaz Velandia, Jose Manuel"]
[Result "1/2-1/2"]
[WhiteElo "2195"]
[BlackElo "2318"]
[PlyCount "74"]

1. e4 a6 2. d4 b5 3. Nf3 Bb7 4. Bd3 e6 5. O-O c5 6. c3 Nf6 7. Qe2 d6 8. Bg5 Be7
9. Rd1 Qc7 10. Nbd2 e5 11. dxe5 dxe5 12. Bxf6 Bxf6 13. Nf1 Nd7 14. Ne3 O-O 15.
b3 c4 16. bxc4 bxc4 17. Nxc4 Nc5 18. Bc2 Ne6 19. Nd6 Nf4 20. Qe3 Bc6 21. g3 Ne6
22. Nc4 Bb5 23. Nb6 Rab8 24. Nd5 Qc5 25. Qxc5 Nxc5 26. Nxf6+ gxf6 27. Rd6 Be2
28. Rc6 Bxf3 29. Rxc5 Rfc8 30. Rxc8+ Rxc8 31. Bd3 a5 32. Rc1 Rd8 33. Bc2 Kf8
34. Re1 Rd2 35. Bb3 a4 36. Bxa4 Rxa2 37. Bd7 Rc2 1/2-1/2

[Event "Open Semana Santa 2023"]
[Site "?"]
[Date "2023.04.10"]
[Round "9.48"]
[White "Hernandez Leon, Sergio"]
[Black "FM Sinz, Bernhard"]
[Result "1/2-1/2"]
[WhiteElo "2151"]
[BlackElo "2313"]
[PlyCount "20"]

1. Nf3 d5 2. b3 Bg4 3. Bb2 Nd7 4. g3 Bxf3 5. exf3 e6 6. Bg2 Ngf6 7. O-O g6 8.
d3 Bg7 9. f4 O-O 10. Nd2 c5 1/2-1/2

[Event "Open Semana Santa 2023"]
[Site "?"]
[Date "2023.04.10"]
[Round "9.50"]
[White "Cayon Pelaez, Pablo"]
[Black "FM Gavarrete, Nahun"]
[Result "0-1"]
[WhiteElo "2079"]
[BlackElo "2303"]
[PlyCount "72"]
[EventDate "2023.??.??"]

1. d4 Nf6 2. c4 g6 3. Nc3 Bg7 4. e4 d6 5. Be2 O-O 6. Be3 c5 7. d5 e6 8. Nf3
exd5 9. exd5 Bg4 10. O-O Nbd7 11. Re1 a6 12. Nd2 Bxe2 13. Qxe2 Re8 14. Qd3 Ne5
15. Qc2 b5 16. cxb5 axb5 17. Bg5 Qd7 18. Bxf6 Bxf6 19. Nce4 Bg7 20. b3 f5 21.
Ng5 Nf7 22. Ne6 Bxa1 23. Rxa1 Rxe6 24. dxe6 Qxe6 25. Nf3 Qe4 26. Qd2 Ne5 27.
Qxd6 Rxa2 28. Rd1 Nxf3+ 29. gxf3 Qxf3 30. Rf1 Re2 31. Qxc5 Re4 32. Qd5+ Kg7 33.
Qd7+ Kh6 34. Rd1 Qh3 35. Qd5 Rh4 36. Qd2+ Kh5 0-1

[Event "Open Semana Santa 2023"]
[Site "?"]
[Date "2023.04.10"]
[Round "9.52"]
[White "Donate Moreno, Silvia"]
[Black "FM Karthik Rajaa"]
[Result "0-1"]
[WhiteElo "2077"]
[BlackElo "2302"]
[Annotator "Usuario"]
[PlyCount "100"]

1. e4 c6 2. d4 d5 3. Nd2 dxe4 4. Nxe4 Bf5 5. Ng3 Bg6 6. Nf3 Nd7 7. h4 h6 8. Bd3
Bxd3 9. Qxd3 e6 10. Bd2 Ngf6 11. O-O-O Be7 12. Kb1 O-O 13. Ne4 c5 14. Nxf6+
Nxf6 15. Be3 Qc7 16. Ne5 Rfd8 17. Qe2 Nd5 18. c3 Nxe3 19. fxe3 Bd6 20. Nf3 b5
21. e4 $11 b4 22. cxb4 cxb4 23. e5 Be7 24. Rc1 Qb7 25. Rc4 Rac8 26. Rhc1 a5 27.
R1c2 a4 28. Qd3 Rxc4 29. Rxc4 Rc8 30. Kc1 Rxc4+ 31. Qxc4 Qe4 32. Qc8+ Bf8 33.
Qc2 Qg4 34. Qe2 Be7 35. Qe1 Qxg2 36. Qe4 a3 37. bxa3 bxa3 38. Nd2 Qxe4 39. Nxe4
Bxh4 40. Kd2 Be7 41. Ke3 g5 42. Ng3 Kh7 43. Kf3 Kg6 44. Kg4 Bd8 45. Ne4 f5+ 46.
exf6 Bxf6 47. Nc5 h5+ 48. Kf3 Kf5 49. Nb3 g4+ 50. Kg2 h4 0-1

[Event "Open Semana Santa 2023"]
[Site "?"]
[Date "2023.04.10"]
[Round "9.53"]
[White "IM Candela Perez, Jose"]
[Black "Serrano Almendros, Alejandro"]
[Result "*"]
[WhiteElo "2299"]
[BlackElo "2151"]
[PlyCount "89"]

1. e4 e6 2. d4 d5 3. Nd2 c5 4. Ngf3 cxd4 5. Nxd4 Nc6 6. Bb5 Bd7 7. Nxc6 bxc6 8.
Bd3 Bd6 9. Qe2 Qc7 10. Nf3 e5 11. exd5 cxd5 12. Nxe5 Bxe5 13. f4 f6 14. fxe5
Qxe5 15. Bf4 Qxe2+ 16. Bxe2 Bf5 17. O-O-O Be4 18. Rhe1 g5 19. Bc4 Rc8 20. Bxd5
Rxc2+ 21. Kb1 Re2+ 22. Ka1 Rxe1 23. Rxe1 gxf4 24. Rxe4+ Ne7 25. Bb3 f3 26. gxf3
Kd7 27. Ra4 Nc6 28. Ra6 Nd4 29. Bd5 Re8 30. a3 Re2 31. h4 Rh2 32. Rxf6 Rxh4 33.
Ra6 Ne2 34. b4 Nc3 35. Bc6+ Kc7 36. Kb2 Nd1+ 37. Kc2 Ne3+ 38. Kd3 Nc4 39. Be4
Ne5+ 40. Ke3 Kb8 41. a4 Rh3 42. Re6 Nd7 43. Re8+ Kc7 44. Re7 Kd6 45. Rxd7+ *

[Event "Open Semana Santa 2023"]
[Site "?"]
[Date "2023.04.10"]
[Round "9.54"]
[White "Olsen, Geir"]
[Black "CM Uribe, Jhonny Alberto"]
[Result "0-1"]
[WhiteElo "1565"]
[BlackElo "2223"]
[PlyCount "72"]

1. d4 Nf6 2. Nc3 d5 3. Bf4 a6 4. e3 g6 5. h4 h6 6. Nf3 Bg4 7. Bd3 c5 8. dxc5
Nc6 9. Qd2 Bxf3 10. gxf3 e5 11. Bg3 Bxc5 12. O-O-O Qe7 13. a3 O-O-O 14. Qe2
Rhe8 15. e4 d4 16. Nb1 b5 17. f4 Nh5 18. Qg4+ Kb7 19. Rhe1 exf4 20. Bxf4 Nxf4
21. Qxf4 Ne5 22. Qxh6 Rh8 23. Qg5 Rxh4 24. Qxe7+ Bxe7 25. Nd2 Bg5 26. Rh1 Rxh1
27. Rxh1 Nf3 28. Rd1 Nxd2 29. Rxd2 Rh8 30. Kd1 Rh1+ 31. Ke2 Bxd2 32. Kxd2 Kc6
33. a4 Kc5 34. axb5 axb5 35. b3 g5 36. f3 Rh2+ 0-1

[Event "Open Semana Santa 2023"]
[Site "?"]
[Date "2023.04.10"]
[Round "9.55"]
[White "CM Melkevik, Johannes"]
[Black "Hladiy, Mark"]
[Result "1/2-1/2"]
[WhiteElo "1839"]
[BlackElo "1559"]
[PlyCount "93"]

1. d4 d5 2. Nf3 Nf6 3. g3 c5 4. c4 dxc4 5. Bg2 Nc6 6. Qa4 Qa5+ 7. Qxa5 Nxa5 8.
dxc5 e6 9. Bd2 Nc6 10. Na3 Bxc5 11. Nxc4 b5 12. Nce5 Bb7 13. Nxc6 Bxc6 14. Rc1
Ne4 15. O-O Nxd2 16. Nxd2 Bxg2 17. Kxg2 Bb6 18. Nf3 O-O 19. Rfd1 Rfd8 20. Ne5
Kf8 21. Nd7+ Ke7 22. Nxb6 axb6 23. a3 Rxd1 24. Rxd1 Rc8 25. Rd2 Rc5 26. e4 e5
27. Kf3 b4 28. Ke3 bxa3 29. bxa3 b5 30. f4 Rc3+ 31. Rd3 Rxd3+ 32. Kxd3 f6 33.
f5 Kd6 34. g4 Kc5 35. Kc3 h6 36. h3 Kc6 37. Kb4 Kb6 38. h4 Kc6 39. Kc3 Kc5 40.
Kd3 b4 41. a4 b3 42. Kc3 b2 43. Kxb2 Kb4 44. a5 Kxa5 45. Ka3 Kb5 46. Kb3 Kc5
47. Kc3 1/2-1/2

[Event "Open Semana Santa 2023"]
[Site "?"]
[Date "2023.10.19"]
[Round "9.56"]
[White "Dura Olmos, Gines Raul"]
[Black "FM Escartin Lacasa, Jose"]
[Result "1/2-1/2"]
[WhiteElo "2044"]
[BlackElo "2298"]
[Annotator "Usuario"]
[PlyCount "124"]
[EventDate "2023.??.??"]

1. Nf3 d5 2. c4 c6 3. g3 Nf6 4. Bg2 g6 5. b3 Bg7 6. Bb2 O-O 7. d3 Re8 8. O-O
Nbd7 9. Nbd2 e5 10. cxd5 cxd5 11. e4 dxe4 12. dxe4 b6 13. Nc4 Ba6 14. Qe2 Qe7
15. Rfd1 Rac8 16. Rac1 Qb4 17. Nfd2 Bh6 18. Qe1 Bxc4 19. Rxc4 Bxd2 20. Qxd2
Rxc4 21. bxc4 Qxc4 22. Rc1 Qa4 23. f3 Qxa2 24. Ra1 Qb3 25. Ra3 Qb5 26. Rxa7 Rc8
27. Ba3 Qb3 28. Bh3 Rc2 29. Qh6 Qb1+ 30. Bf1 Rc8 31. Qd2 Nc5 32. Qd6 Ncd7 33.
Rxd7 Nxd7 34. Qxd7 Ra8 35. Be7 Qb3 36. Qd3 Qxd3 37. Bxd3 Kg7 38. f4 $11 exf4
39. gxf4 Ra7 40. Bb4 Ra4 41. Bd2 Ra2 42. Be1 Ra3 43. Bc2 Ra1 44. Kf1 Ra2 45.
Bd3 Rxh2 46. Bf2 Rh3 47. Ke2 Rh1 48. Bxb6 h5 49. e5 h4 50. Be4 Ra1 51. Kf3 h3
52. Kg3 Ra3+ 53. Kh2 Ra4 54. Bh1 Rxf4 55. Kxh3 Rf5 56. Kg4 Kg8 57. Bc7 Rf1 58.
Bf3 Rc1 59. Bd8 Kf8 60. Bf6 Ke8 61. Kg5 Rc3 62. Bg4 Rg3 $11 1/2-1/2

[Event "Open Semana Santa 2023"]
[Site "?"]
[Date "2023.04.10"]
[Round "9.57"]
[White "FM Ibanez Aullana, Ramon"]
[Black "Iglesias Ferreira, Andres"]
[Result "1/2-1/2"]
[WhiteElo "2292"]
[BlackElo "2150"]
[PlyCount "73"]

1. d4 Nf6 2. Nf3 d5 3. Bf4 c5 4. e3 Nc6 5. Nbd2 cxd4 6. exd4 Bf5 7. c3 e6 8.
Qb3 Bd6 9. Bg5 Rb8 10. Nh4 Bg4 11. h3 Bh5 12. g4 Bg6 13. Nxg6 hxg6 14. Qd1 b5
15. b4 a5 16. a4 axb4 17. Bxb5 Qb6 18. c4 Qc7 19. Bxf6 gxf6 20. cxd5 exd5 21.
Rc1 Rb6 22. Qe2+ Kd8 23. Qf3 Nxd4 24. Qxf6+ Qe7+ 25. Qxe7+ Kxe7 26. Kf1 Nxb5
27. axb5 Rxb5 28. Nb3 Ra8 29. h4 Ra3 30. Rh3 Rb7 31. Rd1 Rc7 32. Re3+ Kf8 33.
Rxd5 Rc3 34. Rxc3 bxc3 35. Rxd6 Rxb3 36. Rc6 Rb1+ 37. Ke2 1/2-1/2